书目信息 |
| 题名: |
如何练就领导的本事
|
|
| 作者: | 中石 主编 | |
| 分册: | ||
| 出版信息: | 北京 当代世界出版社 2005.01 |
|
| 页数: | 353页 | |
| 开本: | 21cm | |
| 丛书名: | 人生智慧宝典 | |
| 单 册: | ||
| 中图分类: | C933.2-49 | |
| 科图分类: | ||
| 主题词: | 领导方法--通俗读物 | |
| 电子资源: | ||
| ISBN: | 7-80115-874-1 | |
| 000 | 00762nam 2200241 450 | |
| 001 | 010563646875 | |
| 005 | 20050922165305.93 | |
| 010 | @a7-80115-874-1@dCNY24.80 | |
| 100 | @a20050321d2005 km y0chiy0120 ea | |
| 101 | 0 | @achi |
| 102 | @aCN@b110000 | |
| 105 | @ay z 000yy | |
| 200 | 1 | @a如何练就领导的本事@Aru he lian jiu ling dao de ben shi@f中石主编@Fzhong shi zhu bian |
| 210 | @a北京@c当代世界出版社@d2005.01 | |
| 215 | @a353页@d21cm | |
| 225 | 2 | @a人生智慧宝典 |
| 330 | @a许多领导者失败的原因,就在于没有把握领导艺术的真谛,没有掌握一套有效的领导艺术。 | |
| 410 | 0 | @12001 @a人生智慧宝典 |
| 606 | 0 | @a领导方法@x通俗读物 |
| 690 | @aC933.2-49@v4 | |
| 701 | 0 | @a中石@Azhong shi@4主编 |
| 801 | 0 | @aCN@bQSSK@c20050922 |
| 905 | @a10447@dC933.2-49@eZ689 | |
| 如何练就领导的本事/中石主编.-北京:当代世界出版社,2005.01 |
| 353页;21cm.-(人生智慧宝典) |
| ISBN 7-80115-874-1:CNY24.80 |
| 许多领导者失败的原因,就在于没有把握领导艺术的真谛,没有掌握一套有效的领导艺术。 |
| ● |
| 相关链接 |
|
|
|
正题名:如何练就领导的本事
索取号:C933.2-49/Z689
 
预约/预借
| 序号 | 登录号 | 条形码 | 馆藏地/架位号 | 状态 | 备注 |
| 1 | 525085 | 205250850 | 社科库509/509社科库 65排8列5层/ [索取号:C933.2-49/Z689] | 在馆 | |
| 2 | 525086 | 205250869 | 社科库509/509社科库 65排8列5层/ [索取号:C933.2-49/Z689] | 在馆 | |
| 3 | 525087 | 205250878 | 社科库509/509社科库 65排8列5层/ [索取号:C933.2-49/Z689] | 在馆 |